| 000 | 00000nam 2200000zi 4500 |
| 001 | 9.941076 |
| 003 | CaOODSP |
| 005 | 20240725153700 |
| 006 | m o d f |
| 007 | cr |n||||||||| |
| 008 | 240725e201811##onc o f|0| 0 fre d |
| 040 | |aCaOODSP|bfre|erda|cCaOODSP |
| 043 | |an-cn--- |
| 086 | 1 |aIN4-58/2018F-PDF |
| 245 | 00|aAchats et marchés : |brapport d’audit interne. |
| 246 | 37|aExercice 2018-2019 – achats et marchés du BSIF |
| 264 | 1|a[Ottawa] : |bBureau du surintendant des institutions financières Canada = Office of the Superintendant of Financial Institutions Canada, |cnovembre 2018. |
| 300 | |a1 ressource en ligne (13 pages) |
| 336 | |atexte|btxt|2rdacontent/fre |
| 337 | |ainformatique|bc|2rdamedia/fre |
| 338 | |aressource en ligne|bcr|2rdacarrier/fre |
| 500 | |aPublié aussi en anglais sous le titre : Procurement & contracting: internal audit report. |
| 610 | 26|aBureau du surintendant des institutions financières Canada|xAudit. |
| 650 | 6|aFinances publiques|zCanada|xGestion|xAudit. |
| 650 | 6|aApprovisionnement public|zCanada|xGestion|xAudit. |
| 710 | 2 |aBureau du surintendant des institutions financières Canada, |eorganisme de publication. |
| 775 | 08|tProcurement & contracting : |w(CaOODSP)9.940507 |
| 856 | 40|qPDF|s517 Ko|uhttps://publications.gc.ca/collections/collection_2024/bsif-osfi/IN4-58-2018-fra.pdf |